Geodetický monitoring diaľničného mostného objektu počas výstavby
Gespeichert in:
| 1. Verfasser: | |
|---|---|
| Weitere Verfasser: | |
| Format: | Manuskript Buch |
| Sprache: | Slowakisch |
| Veröffentlicht: |
2024
|
| Schlagworte: | |
| Online-Zugang: | http://is.stuba.sk/zp/portal_zp.pl?podrobnosti=168492 https://opac.crzp.sk/?fn=detailBiblioForm&sid=0CD22148AAB768F4955471857C89 |
| Tags: |
Keine Tags, Fügen Sie das erste Tag hinzu!
|
MARC
| LEADER | 00000ntm a22000003a 4500 | ||
|---|---|---|---|
| 001 | stuzp98816 | ||
| 003 | SK-STU | ||
| 005 | 20240919143005.6 | ||
| 007 | ta | ||
| 008 | 150427s2015----xo-----f-mn---000-0-slo-d | ||
| 040 | |a STU |b slo | ||
| 041 | 0 | |a slo | |
| 100 | 1 | |a Godiš, Alojz |u 010140 |4 aut |U SvF Stavebná fakulta |T SvF Katedra geodézie |X 115807 |U V140 |Y 14 |7 115807 | |
| 242 | 0 | 1 | |a Geodetic monitoring of the highway bridge object during construction |y eng |
| 245 | 1 | 0 | |a Geodetický monitoring diaľničného mostného objektu počas výstavby |
| 260 | |c 2024 | ||
| 650 | 4 | |a geodetický monitoring |2 slo | |
| 650 | 4 | |a diaľnica |2 slo | |
| 650 | 4 | |a mostný objekt |2 slo | |
| 650 | 4 | |a pozorovaný bod |2 slo | |
| 650 | 4 | |a geometrická nivelácia |2 slo | |
| 650 | 4 | |a zvislé posuny |2 slo | |
| 650 | 4 | |a vzťažný bod |2 slo | |
| 650 | 4 | |a highway |2 eng | |
| 650 | 4 | |a bridge |2 eng | |
| 650 | 4 | |a object |2 eng | |
| 650 | 4 | |a reference point |2 eng | |
| 650 | 4 | |a observed point |2 eng | |
| 650 | 4 | |a geometric leveling |2 eng | |
| 650 | 4 | |a vertical displacements |2 eng | |
| 700 | 1 | |a Kyrinovič, Peter |u 010140 |k Z1 |4 ths |U SvF Stavebná fakulta |T SvF Katedra geodézie |X 2924 |U V140 |Y 14 |7 A000002924 | |
| 856 | 4 | |u http://is.stuba.sk/zp/portal_zp.pl?podrobnosti=168492 | |
| 856 | 4 | |u https://opac.crzp.sk/?fn=detailBiblioForm&sid=0CD22148AAB768F4955471857C89 | |